| 000 | 01108nam a2200229Ia 4500 | ||
|---|---|---|---|
| 001 | L301-56830 | ||
| 003 | IT-CnALBA | ||
| 008 | 170116s9999||||xx |||||||||||||| ||und|| | ||
| 040 |
_aIT-CnALBA _cIT-CnALBA |
||
| 041 | _aITALIANO | ||
| 100 | _aVOLPI FEDERICA | ||
| 245 | 0 | _aSOLIDARIETÀ IN......MOVIMENTO. LE ACLI TRA AZIONE SOCIALE E TERZO SETTORE. | |
| 250 | _a1a ed. | ||
| 260 |
_aSARONNO VARESE _bMONTI EDITORE _c1999 [1° Ed.:1999 - Ed.Ling.Originale: 1999] |
||
| 300 | _a196 p. | ||
| 500 | _aSTORIA ACLI. VILLAGGIO SOLIDALE. PRIMI ANNI DI VITA. EVOLUZIONE RIFORMISMO E RADICALITA'. DIMENSIONE SPIRITUALE. CAMMINO DI FEDELTÀ. IL SISTEMA DEI SERVIZI. ESPERIENZE CONCRETE DI SOLIDARIETÀ. | ||
| 501 | _aSocietà San Paolo EM - Piazza San Paolo, 14 - 12051 ALBA (CN) (non commercial uses only) ® Copyright 2017 | ||
| 520 | _aSTORIA ACLI. VILLAGGIO SOLIDALE. PRIMI ANNI DI VITA. EVOLUZIONE RIFORMISMO E RADICALITA'. DIMENSIONE SPIRITUALE. CAMMINO DI FEDELTÀ. IL SISTEMA DEI SERVIZI. ESPERIENZE CONCRETE DI SOLIDARIETÀ. | ||
| 650 | _aSCIENZE SOCIALI | ||
| 942 | _cBK | ||
| 957 | _71 | ||
| 999 |
_a74330 _bNO _g Copie: 1 _c315665 _d315665 |
||